000 00823cam a22002173a 4500
001 45794
003 PGUSA
005 20140828084049.0
008 140528s2014||||xxu|||||s|||||000 | eng d
040 _aPGUSA
_beng
042 _adc
245 1 2 _aA Select Collection of Old English Plays; Originally Published by Robert Dodsley in the Year 1744; Fourth Edition :
_bNow First Chronologically Arranged, Revised and Enlarged with the Notes of All the Commentators, and New Notes
_h[electronic resource] /
_cVarious
260 _bProject Gutenberg,
_c2014
506 _aPublic domain in the USA.
516 _aElectronic text
700 1 _aHazlitt, William Carew,
_d1834-1913
700 1 _aDodsley, Robert,
_d1703-1764
830 0 _aProject Gutenberg
_v45794
856 4 0 _uhttp://www.gutenberg.org/ebooks/45794
942 _cEB
999 _c275044
_d275044